00808naa a2200253 a 450000100080000000500110000800800410001910000180006024501610007826000090023965300130024865300200026165300110028170000180029270000190031070000190032970000250034870000280037370000190040170000190042070000190043970000210045877300750047911210212014-06-03 2013 bl uuuu u00u1 u #d1 aSANTOS, R. R. aCloreto de s??dio a 0,9%, adicionado ou n??o de dexametasona, intrapleural, na preven????o de ader??ncias pulmonares ap??s toracotomia intercostal em c??es. c2013 aCirurgia aHidroflota????o aT??rax1 aRAISER, A. G.1 aMARQUES, J. A.1 aSALBEGO, F. Z.1 aM??LLER, D. C. de M.1 aSANTOS JUNIOR, E. de B.1 aFESTUGATTO, R.1 aROSA, M. B. da1 aFREITAS, G. C.1 aCARREGARO, A. B. tCi??ncia Rural, Santa Maria, RSgv. 43, n. 8, p. 1429-1434, ago. 2013.